Marcas Mexicanas por Logo - Estadísticas

Estadísticas generales
  • Esta prueba ha sido intentada 44 veces
  • La puntuación promedio es 8 de 12
Estadísticas de respuestas
Imagen Respuesta % Correcto
Corona
100%
Bimbo
90%
Oxxo
86%
Modelo
76%
José Cuervo
69%
La Costeña
69%
Telmex
66%
Valentina
66%
Indio
62%
La Michoacana
59%
Aeroméxico
45%
Pineda Covalin
14%
No se encontraron pruebas coincidentes
Distribución de puntuación
Porcentaje de gente con cada puntuación
Porcentaje por número respondido
Historial de tus puntuaciones
No has intentado esta prueba.